<?xml version="1.0" encoding="UTF-8"?>
<record
    xmlns:xsi="http://www.w3.org/2001/XMLSchema-instance"
    xsi:schemaLocation="http://www.loc.gov/MARC21/slim http://www.loc.gov/standards/marcxml/schema/MARC21slim.xsd"
    xmlns="http://www.loc.gov/MARC21/slim">

  <leader>02081    a2200265   4500</leader>
  <controlfield tag="001">45900</controlfield>
  <controlfield tag="005">20260407155731.0</controlfield>
  <controlfield tag="008">260407a2008    arg                 spa d</controlfield>
  <controlfield tag="003">AR-UNSa-BCEJYS</controlfield>
  <datafield tag="040" ind1=" " ind2=" ">
    <subfield code="a">AR-UNSa-BCEJYS</subfield>
    <subfield code="b">spa</subfield>
    <subfield code="c">AR-UNSa-BCEJYS</subfield>
  </datafield>
  <datafield tag="080" ind1=" " ind2=" ">
    <subfield code="a">304.4(82)</subfield>
    <subfield code="x">Aspectos generales de las pol&#xED;ticas y pr&#xE1;cticas sociales y culturales en Argentina (pol&#xED;tica social)</subfield>
  </datafield>
  <datafield tag="245" ind1="1" ind2="0">
    <subfield code="a">Los programas sociales en Argentina hacia el Bicentenario</subfield>
    <subfield code="p">visiones y perspectivas</subfield>
  </datafield>
  <datafield tag="020" ind1=" " ind2=" ">
    <subfield code="a">978-987-98057-6-3</subfield>
  </datafield>
  <datafield tag="264" ind1=" " ind2="1">
    <subfield code="a">Buenos Aires :</subfield>
    <subfield code="b">Banco Mundial</subfield>
    <subfield code="c">2008</subfield>
  </datafield>
  <datafield tag="300" ind1=" " ind2=" ">
    <subfield code="a">349 p.</subfield>
    <subfield code="c">23 cm.</subfield>
  </datafield>
  <datafield tag="505" ind1=" " ind2=" ">
    <subfield code="a">1. Argentina: pol&#xED;ticas de transferencia de ingresos hacia el Bicentenario / Dena Ringold y Rafael Rofman &#x2013; 2. Los programas sociales en la opini&#xF3;n p&#xFA;blica. Resultados de la Encuesta de Percepci&#xF3;n de Planes Sociales en la Argentina / Guillermo Cruces y Helena Rovner &#x2013; 3. Atender necesidades, crear oportunidades o garantizar derechos. Visiones sobre la pol&#xED;tica social / Alejandro Bonvecchi y Catalina Smulovitz &#x2013; 4. Las pol&#xED;ticas sociales y la investigaci&#xF3;n de opini&#xF3;n p&#xFA;blica / Manuel Mora y Araujo &#x2013; 5. La pol&#xED;tica social argentina en perspectiva/ Ernesto Aldo Isuani &#x2013; 6. &#xBF;Qu&#xE9; y a qui&#xE9;n? Beneficios y beneficiarios de los programas de transferencias condicionadas de ingresos &#x2013; 7. Argentina modelo XXI: inestabilidad macroecon&#xF3;mica, empobrecimiento sostenido y pol&#xED;ticas sociales / Guillermo Rozenwurcel y Claudia V&#xE1;zquez &#x2013; 8. &#xBF;Ud. Volver&#xED;a a lanzar el Plan Jefes? Una visi&#xF3;n de los planes sociales y el mercado de trabajo en Argentina / Juan Mart&#xED;n Moreno &#x2013; 9. Estigma y deslegitimaci&#xF3;n de las pol&#xED;ticas sociales en la Argentina: la evidencia de la Encuesta de Percepci&#xF3;n de Planes Sociales / Eduardo Amadeo - </subfield>
  </datafield>
  <datafield tag="041" ind1=" " ind2=" ">
    <subfield code="a">spa</subfield>
  </datafield>
  <datafield tag="942" ind1=" " ind2=" ">
    <subfield code="c">BK</subfield>
  </datafield>
  <datafield tag="590" ind1=" " ind2=" ">
    <subfield code="a">niveau_biblio:m niveau_hierar:0</subfield>
  </datafield>
  <datafield tag="100" ind1="1" ind2=" ">
    <subfield code="a">Moreno, Juan Mart&#xED;n</subfield>
  </datafield>
  <datafield tag="700" ind1="1" ind2=" ">
    <subfield code="a">Cruces, Guillermo</subfield>
  </datafield>
  <datafield tag="700" ind1="1" ind2=" ">
    <subfield code="a">Ringold, Dena</subfield>
  </datafield>
  <datafield tag="700" ind1="1" ind2=" ">
    <subfield code="a">Rofman, Rafael</subfield>
  </datafield>
  <datafield tag="856" ind1="4" ind2="1">
    <subfield code="u">https://www.biblioeco.unsa.edu.ar/pmb/images/libros/L127225.jpg</subfield>
    <subfield code="y">Imagen de portada</subfield>
    <subfield code="q">image/jpeg</subfield>
  </datafield>
  <datafield tag="999" ind1=" " ind2=" ">
    <subfield code="c">4062</subfield>
    <subfield code="d">4062</subfield>
  </datafield>
  <datafield tag="952" ind1=" " ind2=" ">
    <subfield code="0">0</subfield>
    <subfield code="1">0</subfield>
    <subfield code="4">0</subfield>
    <subfield code="7">0</subfield>
    <subfield code="a">BCEJYS</subfield>
    <subfield code="b">BCEJYS</subfield>
    <subfield code="c">16</subfield>
    <subfield code="d">2026-04-07</subfield>
    <subfield code="l">0</subfield>
    <subfield code="o">304.4(82) P964</subfield>
    <subfield code="p">L127225</subfield>
    <subfield code="r">2026-04-07 15:57:31</subfield>
    <subfield code="w">2026-04-07</subfield>
    <subfield code="y">L</subfield>
  </datafield>
</record>
